Statistiques concernant Harry Potter: l'Allée des Embrumes

Cliquez ici pour prendre le quiz!

Statistiques générales

  • Ce quiz a été pris 54 fois
  • Le résultat moyen est 8 sur 9

Statistiques - réponses

InformationRéponses% Correct
Dernière apparitionHarry Potter et le Prince de Sang-Mêlé
98%
PaysRoyaume-Uni
96%
EtatAngleterre
93%
Première apparitionHarry Potter et la Chambre des Secrets
93%
VilleLondres
93%
DescriptionRue miteuse, endroit non-recommandé
91%
MagasinBarjow et Beurk
89%
SpécialitéMagie Noire
80%
FonctionRue Commerciale
17%

Distribution des résultats

Percentile par nombre de réponses

% des personnes avec chaque résultat

Votre développement - résultats

Vous n’avez pas pris ce quiz